| 000 | 00646nam a2200277Ia 4500 | ||
|---|---|---|---|
| 001 | Z_180 | ||
| 003 | CHAP | ||
| 008 | 220113s1985 xx 000 0 und d | ||
| 010 | _a163152 | ||
| 040 | _cCHAP | ||
| 082 | _a631.2 V3 | ||
| 100 |
_aValle Arribas, José _9117576 |
||
| 245 |
_aConstrucciones rurales al alcance del agricultor / _cpor José Valle Arribas |
||
| 260 |
_aBarcelona : _bAedos, _c1985 |
||
| 300 | _a330 p. | ||
| 440 | _a | ||
| 500 | _a | ||
| 503 | _a145670 | ||
| 650 |
_aConstrucciones rurales I. t. _9137396 |
||
| 901 | _a631.2 V3 | ||
| 902 | _aA | ||
| 910 | _a1985 | ||
| 942 | _c1 | ||
| 942 | _cc1 | ||
| 999 |
_c163152 _d163152 |
||